Incollable #49 - Maths-Français - Statistiques

Statistiques générales
  • Ce quiz a été pris 581 fois
  • Le résultat moyen est 8 sur 9
Statistiques - réponses
Niveaux Questions Réponses % Correct
CE1 Quel nombre est égal à 400+90+9 ? 499
100%
CE2 En six lettres: contraire de « toujours ». Jamais
99%
CE1 En cinq lettres commençant par C: récit d’aventure imaginaire souvent peuplé de fées. Conte
98%
CP Par quoi commence toujours une phrase ? Une majuscule
97%
CM2 Quel nombre est égal à 48/6 ? 8
93%
CM1 Quand il est midi à Paris, il est 16 h 30 en Inde. Quelle heure est-il à Paris s’il est 22 heures en Inde ? 17 h 30
88%
CM2 Quel adverbe peut-on former à l’aide de l’adjectif « affectueux » ? Affectueusement
64%
Lycée Quel est le temps du verbe dans la phrase: « Que nous eussions fait » ? Plus-que-parfait du subjonctif
62%
Lycée On vend un terrain de 6ha à 2€ le m². Quel est le prix de vente du terrain ? 120 000 € (6ha=60 000 m²)
58%
Aucun quiz correspondant
Distribution des résultats
% des personnes avec chaque résultat
Percentile par nombre de réponses
Votre historique - résultats
Vous n’avez pas pris ce quiz